h1

h2

h3

h4

h5
h6
000986058 001__ 986058
000986058 005__ 20251007091122.0
000986058 0247_ $$2ISBN$$a978-1-64490-313-1
000986058 0247_ $$2SCOPUS$$aSCOPUS:2-s2.0-85195982706
000986058 0247_ $$2datacite_doi$$a10.18154/RWTH-2024-04951
000986058 0247_ $$2doi$$a10.21741/9781644903131-159
000986058 0247_ $$2WOS$$aWOS:001258853000159
000986058 037__ $$aRWTH-2024-04951
000986058 041__ $$aEnglish
000986058 1001_ $$0P:(DE-82)IDM05534$$aMoon, Jiyoung$$b0$$eCorresponding author$$urwth
000986058 1112_ $$a27. International ESAFORM Conference on Material Forming$$cToulouse$$d2024-04-24 - 2024-04-26$$gESAFORM 2024$$wFrance
000986058 245__ $$aPredicting fine blanking process signals from sheet metal thickness$$honline
000986058 260__ $$aMillersville, PA$$bMaterials Research Forum LLC$$c2024
000986058 29510 $$aMaterial forming - ESAFORM 2024 : the 27th International ESAFORM Conference on Material Forming - ESAFORM 2024 - held in Toulouse (France), at the Pierre Baudis Convention Center between 24-26th April, 2024 / editors Anna Carla Araujo, Arthur Cantarel, France Chabert, Adrian Korycki, Philippe Olivier, Fabrice Schmidt
000986058 300__ $$a1436-1445
000986058 3367_ $$033$$2EndNote$$aConference Paper
000986058 3367_ $$0PUB:(DE-HGF)7$$2PUB:(DE-HGF)$$aContribution to a book
000986058 3367_ $$0PUB:(DE-HGF)8$$2PUB:(DE-HGF)$$aContribution to a conference proceedings$$bcontrib$$mcontrib
000986058 3367_ $$2BibTeX$$aINPROCEEDINGS
000986058 3367_ $$2DRIVER$$aconferenceObject
000986058 3367_ $$2DataCite$$aOutput Types/Conference Paper
000986058 3367_ $$2ORCID$$aCONFERENCE_PAPER
000986058 4900_ $$aMaterials research proceedings$$v41
000986058 536__ $$0G:(DE-82)X080067-WS-B2.III$$aWS-B2.III - Continuous Production (X080067-WS-B2.III)$$cX080067-WS-B2.III$$x0
000986058 536__ $$0G:(GEPRIS)390621612$$aDFG project 390621612 - EXC 2023: Internet of Production (IoP) (390621612)$$c390621612$$x1
000986058 588__ $$aDataset connected to CrossRef Conference
000986058 591__ $$aGermany
000986058 653_7 $$aDIGITF100
000986058 7001_ $$0P:(DE-82)962502$$aGelbich, Daria$$b1$$urwth
000986058 7001_ $$0P:(DE-82)IDM05643$$aBecker, Marco$$b2$$urwth
000986058 7001_ $$0P:(DE-82)IDM02880$$aNiemietz, Philipp$$b3$$urwth
000986058 7001_ $$0P:(DE-82)IDM03332$$aBergs, Thomas$$b4$$urwth
000986058 8564_ $$uhttps://publications.rwth-aachen.de/record/986058/files/986058.pdf$$yOpenAccess
000986058 909CO $$ooai:publications.rwth-aachen.de:986058$$pVDB$$pdnbdelivery$$pdriver$$popen_access$$popenaire
000986058 9101_ $$0I:(DE-588b)36225-6$$6P:(DE-82)IDM05534$$aRWTH Aachen$$b0$$kRWTH
000986058 9101_ $$0I:(DE-588b)36225-6$$6P:(DE-82)962502$$aRWTH Aachen$$b1$$kRWTH
000986058 9101_ $$0I:(DE-588b)36225-6$$6P:(DE-82)IDM05643$$aRWTH Aachen$$b2$$kRWTH
000986058 9101_ $$0I:(DE-588b)36225-6$$6P:(DE-82)IDM02880$$aRWTH Aachen$$b3$$kRWTH
000986058 9101_ $$0I:(DE-588b)36225-6$$6P:(DE-82)IDM03332$$aRWTH Aachen$$b4$$kRWTH
000986058 9141_ $$y2024
000986058 9151_ $$0StatID:(DE-HGF)0031$$2StatID$$aPeer reviewed article$$x0
000986058 915__ $$0LIC:(DE-HGF)CCBY3$$2HGFVOC$$aCreative Commons Attribution CC BY 3.0
000986058 915__ $$0StatID:(DE-HGF)0510$$2StatID$$aOpenAccess
000986058 9201_ $$0I:(DE-82)417410_20140620$$k417410$$lLehrstuhl für Fertigungstechnologie$$x0
000986058 9201_ $$0I:(DE-82)053200_20140620$$k053200$$lFraunhofer-Institut für Produktionstechnologie - IPT$$x1
000986058 9201_ $$0I:(DE-82)080067_20181221$$k080067$$lInternet of Production$$x2
000986058 9201_ $$0I:(DE-82)417400_20240301$$k417400$$lManufacturing Technology Institute – MTI$$x3
000986058 961__ $$c2024-05-13T15:25:31.136753$$x2024-05-13T15:15:23.086122$$z2024-05-14
000986058 9801_ $$aFullTexts
000986058 980__ $$aI:(DE-82)053200_20140620
000986058 980__ $$aI:(DE-82)080067_20181221
000986058 980__ $$aI:(DE-82)417400_20240301
000986058 980__ $$aI:(DE-82)417410_20140620
000986058 980__ $$aUNRESTRICTED
000986058 980__ $$aVDB
000986058 980__ $$acontb
000986058 980__ $$acontrib